000
00326nam a2200145Ia 4500
003
OSt
005
20231218065344.0
008
170524s9999 xx 000 0 und d
020
_a
9788174453525
040
_c
IIMT UNIVERSITY
100
_a
VERMA- NK
245
0
_a
MEDIA & WOMEN
260
_b
MOHIT: NEW DELHI
942
_2
ddc
_c
01
999
_c
9046
_d
9046